00460pab a2200145 454500008004000000100001800040245012600058260000900184300001400193362000800207650003500215650003600250650001000286773001800296180718b2003 xxu||||| |||| 00| 0 eng d aKatoch, Rajan aA state initiative for strengthening institutional credit systems: bank recovery incentive scheme (BRISC), Madhya Pradesh c2003 ap.78-106. aJul aBanks - India - Madhya Pradesh aCredit - India - Madhya Pradesh aBanks aAdministrator